000 00853nam a2200265Ia 4500
003 OSt
005 20220924114048.0
006 a|||||r|||| 00| 0
007 ta
008 220923b |||||||| |||| 00| 0 urd d
020 _a9788190562478 (PB)
020 _cINR 250.00
024 _a354461
037 _bTB4998, 29/12/2021, Technical Bureau India Pvt. Ltd.
_cTextual
040 _aARTS
_cARTS
_burd
041 _2urd
_aurd
082 _aP168v, P9;R1
100 _aBeg Mirza Khalil Ahmad Au.
_9171622
245 0 _aUrdu zuban ki tareekh
260 _aAligarh
_bEductional pub. house India
_c2021
300 _a415p.
_ccm.
650 _aURDU LANGUAGE - HISTORY
_9171623
942 _hP168v, P9;R1
_cTEXL
_2CC
999 _c391691
_d391691